Ejercicios para uniformar en la República Mexicana la hora santa en memoria de la institución del Ssmo. Sacramento de la comunión.

Detalles Bibliográficos
Autor principal: MARTINEZ Y SAEZ, Jacinto María
Formato: Libro
Publicado: Puebla de los Angeles 1883
Materias:
Colección:Banco de datos
Acervo:Biblioteca del Convento de Santa Mónica de la Ciudad de Puebla. Puebla
Tema general:Ascética
Notas:Regular. F3, 24.
LEADER 00764nam a22001930004500
035 |a 50764 
036 |a 532 
100 1 |a MARTINEZ Y SAEZ, Jacinto María 
245 1 0 |a Ejercicios para uniformar en la República Mexicana la hora santa en memoria de la institución del Ssmo. Sacramento de la comunión.  |c Tomás Aquino Martínez López corr. 
260 |a Puebla de los Angeles  |b Col. Pío de Artes imp.  |c 1883 
500 |a Regular. F3, 24. 
650 1 0 |a Ascética 
949 |a CRP 
959 |a Ex convento de Santa Mónica. Puebla, Puebla  |b CCC5 
960 |a Convento de Santa Mónica de la ciudad de Puebla  |b DD88 
961 |a Franciscana  |b OF 
942 |c CRP-SM 
943 |g Biblioteca del Convento de Santa Mónica de la Ciudad de Puebla. Puebla 
999 |c 961102  |d 961102